Theory of finite simple groups /

Guardado en:
Autor Principal: Michler, G. 1938-
Formato: Libro
Idioma:English
Publicado: Cambridge ; New York : Cambridge University Press, 2006.
Series:New mathematical monographs ; 8
Materias:
Acceso en línea:Publisher description
Contributor biographical information
Etiquetas: Agregar Etiqueta
Sin Etiquetas, Sea el primero en etiquetar este registro!
LEADER 01688pam a22002897a 4500
001 MAT.inmabb006826
008 061219s2006####enka#####b####001#0#eng##
005 20140313142604.0
245 1 0 |a Theory of finite simple groups /  |c Gerhard O. Michler. 
260 |a Cambridge ;  |a New York :  |b Cambridge University Press,  |c 2006. 
300 |a ix, 662 p. :  |b il. ;  |c 24 cm. +  |e 1 DVD-ROM (4 3/4 in.) 
440 0 |a New mathematical monographs ;  |v 8 
500 |a "The experimental results of Chapter 12 are documented in the accompanying DVD produced by M. Weller."--Sobrecubierta. 
504 |a Incluye referencias bibliográficas e índice. 
505 0 |a 1. Prerequisites from group theory -- 2. Group representations and character theory -- 3. Modular representation theory -- 4. Group order formulas and structure theorem -- 5. Permutation representations -- 6. Concrete character tables of matrix groups -- 7. Methods for constructing finite simple groups -- 8. Finite simple groups with proper satellites -- 9. Janko group J1 -- 10. Higman-Sims group HS -- 11. Harada group Ha -- 12. Thompson group Th. 
510 4 |a MR,  |c 2008b:20021 
020 |a 9780521866255 (hbk.) 
020 |a 0521866251 (hbk.) 
100 1 |a Michler, G.  |q (Gerhard),  |d 1938- 
650 0 |a Finite simple groups. 
084 |a 20D08 (20C34 20C40 20E32)  |2 msc2000 
010 |a  2006299916 
016 7 |a 013511818  |2 Uk 
040 |a UKM  |c UKM  |d BAKER  |d BWKUK  |d YDXCP  |d DLC 
856 4 2 |3 Publisher description  |u http://www.loc.gov/catdir/enhancements/fy0619/2006299916-d.html 
856 4 2 |3 Contributor biographical information  |u http://www.loc.gov/catdir/enhancements/fy0733/2006299916-b.html 
859 |h 20  |i M624  |p A-8876  |b BIB. MATEMATICA